Chính sách, cơ chế tài chính phát triển kinh tế - xã hội : đối với vùng sâu , vùng xa , vùng biên giới , hải đảo , vùng có điều kiện kinh tế - xã hội đặc biệt khó khăn

Salvato in:
Dettagli Bibliografici
Natura: Sách
Lingua:Undetermined
Pubblicazione:  Tài chính  2021
Soggetti:
Tags: Aggiungi Tag
Nessun Tag, puoi essere il primo ad aggiungerne! !
Thư viện lưu trữ: Trung tâm Thư viện - Trường Đại học Công nghiệp TP. Hồ Chí Minh
LEADER 00666nam a2200133Ia 4500
001 UIH_06644
008 231011s9999 xx 000 0 und d
082 |a  346.07597 
245 0 |a  Chính sách, cơ chế tài chính phát triển kinh tế - xã hội : đối với vùng sâu , vùng xa , vùng biên giới , hải đảo , vùng có điều kiện kinh tế - xã hội đặc biệt khó khăn 
260 |b  Tài chính 
260 |c  2021 
650 |a  Chính sách tài chính; Pháp luật;  
927 |a Sách 
980 |a Trung tâm Thư viện - Trường Đại học Công nghiệp TP. Hồ Chí Minh